Normal view
MARC view
- Muhammad Abdullah Javed Malik Muhammad Asfandyar Khan Jawwad Rehman
Entry Personal Name
001 - CONTROL NUMBER
- control field: 71255
003 - CONTROL NUMBER IDENTIFIER
- control field: NUST
005 - DATE AND TIME OF LATEST TRANSACTION
- control field: 20210628204620.0
008 - FIXED-LENGTH DATA ELEMENTS
- fixed length control field: 210628|| aca||aabn | a|a d
040 ## - CATALOGING SOURCE
- Original cataloging agency: NUST
- Transcribing agency: NUST
100 ## - HEADING--PERSONAL NAME
- Personal name: Muhammad Abdullah Javed Malik Muhammad Asfandyar Khan Jawwad Rehman
670 ## - SOURCE DATA FOUND
- Source citation: Work cat.: (NUST): Muhammad Abdullah Javed Malik Muhammad Asfandyar Khan Jawwad Rehman , PR-SOF-1443-Development of Numerical Framework for Action Potential Propagation & Spiral Waves Formation to Analyze Cardiac Arrhythmias, 2011
